| 000 | 00346nam a22001217a 4500 | ||
|---|---|---|---|
| 082 | _a220 PRO | ||
| 100 |
_aBILAL, AFRASYAB, AAMIR _971821 |
||
| 245 | _aPR-SOF-1226-LOCATION BASED VEHICLE TRACKING SYSTEM | ||
| 260 |
_aISLAMABAD _bNUST COLLEGE OF EME _c2012 |
||
| 650 |
_aDE-COMP-30 _971822 |
||
| 700 | _aSUPERVISOR DR FAROOQUE AZAM | ||
| 942 | _cCR | ||
| 999 |
_c578131 _d578131 |
||